000 00471nam a2200157Ia 4500
003 LK-CoDNM
008 010623t1897 xxu||||| |||| 00| 1 sin d
040 _aLK-CoDNM
_dLK-CoDNM
_eLK-CoDNM
041 _asin
080 _a104 V.15
245 _aඅලුත් ගිවිසුමේ සිතුවම් සහ කථා
246 _aNew Testament Pictures
260 _bThe Christian Literature Society
_aColombo
_c1897
300 _b61p., iill, 25 cm
942 _cBK
999 _c84496
_d84496